Observing variable stars: a guide for the beginner by David H Levy (Record no. 1211629)

MARC details
000 -LEADER
fixed length control field 00980nam a2200277Ia 4500
003 - CONTROL NUMBER IDENTIFIER
control field OSt
005 - DATE AND TIME OF LATEST TRANSACTION
control field 20221007123259.0
008 - FIXED-LENGTH DATA ELEMENTS--GENERAL INFORMATION
fixed length control field 221006b |||||||| |||| 00| 0 eng d
020 ## - INTERNATIONAL STANDARD BOOK NUMBER
International Standard Book Number 0521627559 (pbk)
037 ## - SOURCE OF ACQUISITION
Terms of availability Textual
040 ## - CATALOGING SOURCE
Original cataloging agency PAPL
Transcribing agency PAPL
Language of cataloging eng
041 ## - LANGUAGE CODE
Source of code eng
Language code of text/sound track or separate title eng
100 ## - MAIN ENTRY--PERSONAL NAME
Personal name Levy David H
9 (RLIN) 717008
245 #0 - TITLE STATEMENT
Title Observing variable stars: a guide for the beginner by David H Levy
260 ## - PUBLICATION, DISTRIBUTION, ETC.
Place of publication, distribution, etc. Cambridge
Name of publisher, distributor, etc. Cambridge University Press
Date of publication, distribution, etc. 1998
300 ## - PHYSICAL DESCRIPTION
Extent xix,198p
Dimensions cm.
500 ## - GENERAL NOTE
General note Includes bibliographical references; Index 193-198p; ^n23/CSL/Carpa/98-99/6288^d1998-06-03^mPurchase; ; 98-99/69^b1998-06-23^c172^d1998-06-19^eLibco Book Distributors; ; 1998-08-17^bSB^c1998-08-19^r1998-09-24
650 ## - SUBJECT ADDED ENTRY--TOPICAL TERM
Topical term or geographic name entry element Stars
9 (RLIN) 717009
650 ## - SUBJECT ADDED ENTRY--TOPICAL TERM
Topical term or geographic name entry element Astronomy
942 ## - ADDED ENTRY ELEMENTS (KOHA)
Classification part B96, N8
Koha item type Textual
Source of classification or shelving scheme Colon Classification (CC)
Holdings
Withdrawn status Lost status Source of classification or shelving scheme Damaged status Not for loan Home library Current library Date acquired Source of acquisition Total Checkouts Full call number Barcode Date last seen Price effective from Koha item type
    Colon Classification (CC)     Department of Physics and Astrophysics Library Department of Physics and Astrophysics Library 2022-10-07 Libco,   B96 N8 PA0005180 2022-10-07 2022-10-07 Textual
Copyright @ Delhi University Library System